| 000 | 00749nam a2200253 i 4500 | ||
|---|---|---|---|
| 001 | bgj | ||
| 100 | 1 |
_aHesse, Hermann _d(1877-1962). |
|
| 245 | 1 | 0 |
_aGedenkblätter / _cHermann Hesse ; [neu durchgesehen und um Texte aus dem Nachlaß ergänzt von Volker Michels]. |
| 260 |
_aFrankfurt am Main : _bSuhrkamp, _c1984. |
||
| 300 |
_a283, [11] s. ; _c19 cm. |
||
| 490 | 1 |
_aSuhrkamp Taschenbuch _v963 |
|
| 504 | _aBibliogr. s. 277-[279]. Indeks. | ||
| 650 | 9 | _aLiteratura niemiecka | |
| 700 | 1 | _aMICHELS, Volker. | |
| 830 | _aSuhrkamp Taschenbuch | ||
| 020 | _a351837463X | ||
| 040 | _cBPK | ||
| 041 | 0 | _ager | |
| 044 | _aDEU | ||
| 080 | _a821.112.2 | ||
| 920 | _a3-518-37463-X | ||
| 942 | _cKS | ||
| 008 | s gw f |000 0 ger | ||
| 999 |
_c50245 _d50245 |
||
| 856 |
_uhttp://koha.tu.koszalin.pl/cgi-bin/koha/opac-detail.pl?biblionumber=50245 _yKatalog online BPK |
||